000 00299nam a22001337a 4500
008 181031b xxu||||| |||| 00| 0 eng d
020 _a9780764563935
041 _aeng
080 _a370
100 _a49
101 _aedu
245 _aWritng Grammar Usage And Style
_cClifs.q
942 _2udc
_cBK
999 _c51258
_d51258